Complete biology for Cambridge Secondary 1 : (Record no. 5497)
[ view plain ]
| 000 -LEADER | |
|---|---|
| fixed length control field | 01374nam a22002057a 4500 |
| 001 - CONTROL NUMBER | |
| control field | 5497 |
| 003 - CONTROL NUMBER IDENTIFIER | |
| control field | FISKH |
| 005 - DATE AND TIME OF LATEST TRANSACTION | |
| control field | 20241212145048.0 |
| 008 - FIXED-LENGTH DATA ELEMENTS--GENERAL INFORMATION | |
| fixed length control field | 241212b cb ||||| |||| 00| 0 eng d |
| 020 ## - INTERNATIONAL STANDARD BOOK NUMBER | |
| International Standard Book Number | 9780198390213 |
| 040 ## - CATALOGING SOURCE | |
| Original cataloging agency | FISKH |
| Language of cataloging | eng |
| Transcribing agency | FISKH |
| Modifying agency | FISKH |
| 082 ## - DEWEY DECIMAL CLASSIFICATION NUMBER | |
| Classification number | 570 |
| 100 ## - MAIN ENTRY--PERSONAL NAME | |
| Personal name | Large, Pam |
| 245 ## - TITLE STATEMENT | |
| Title | Complete biology for Cambridge Secondary 1 : |
| Remainder of title | Cambridge checkpoint and beyond / |
| Statement of responsibility, etc. | by Pam Large |
| 260 ## - PUBLICATION, DISTRIBUTION, ETC. | |
| Place of publication, distribution, etc. | Oxford : |
| Name of publisher, distributor, etc. | Oxford University Press ; |
| Date of publication, distribution, etc. | 2014 . |
| 300 ## - PHYSICAL DESCRIPTION | |
| Extent | 254 pages : |
| Other physical details | illustrations ; |
| Dimensions | 30 cm . |
| 520 ## - SUMMARY, ETC. | |
| Summary, etc. | This brand new course builds in crucial challenge material right from the start, enabling students to confidently leap into Cambridge IGCSERG Science study with a solid foundation in Biology. It is the best preparation for our bestselling Complete Science for Cambridge IGCSE course,facilitating seamless progression from Cambridge Secondary 1 Stage 9 right into Complete Biology for Cambridge IGCSE. Complete Biology for Cambridge Secondary 1 covers all three years of Cambridge Secondary 1 Biology in the same book, flowing smoothly from one stage to the next. Regular revision andextension exercises will help consolidate learning and then stretch and challenge students to reach the next level. Plus, it's endorsed by Cambridge International Examinations, so you know it's comprehensive. |
| 942 ## - ADDED ENTRY ELEMENTS (KOHA) | |
| Source of classification or shelving scheme | Dewey Decimal Classification |
| Koha item type | Books |
| Suppress in OPAC | No |
| Withdrawn status | Lost status | Source of classification or shelving scheme | Damaged status | Not for loan | Collection | Home library | Current library | Shelving location | Date acquired | Total Checkouts | Full call number | Barcode | Date last seen | Copy number | Price effective from | Koha item type |
|---|---|---|---|---|---|---|---|---|---|---|---|---|---|---|---|---|
| Dewey Decimal Classification | Non-Fiction | Footprints International School Library Network Toul Kork Campus | Footprints International School Library Network Toul Kork Campus | TTP Secondary Non-Fiction Bookshelves | 12/12/2024 | LAR 570 | FISSE04400 | 12/12/2024 | 1 | 12/12/2024 | Books | |||||
| Dewey Decimal Classification | Non-Fiction | Footprints International School Library Network Toul Kork Campus | Footprints International School Library Network Toul Kork Campus | TTP Secondary Non-Fiction Bookshelves | 12/12/2024 | LAR 570 | FISSE03134 | 01/14/2025 | 2 | 12/12/2024 | Books | |||||
| Dewey Decimal Classification | Non-Fiction | Footprints International School Library Network Toul Kork Campus | Footprints International School Library Network Toul Kork Campus | TTP Secondary Non-Fiction Bookshelves | 12/12/2024 | LAR 570 | FISSE03203 | 01/17/2025 | 3 | 12/12/2024 | Books |
